Major project report (Record no. 80665)
[ view plain ]
| 000 -LEADER | |
|---|---|
| fixed length control field | 01323cab a22002175a 4500 |
| 001 - CONTROL NUMBER | |
| control field | L144954 |
| 008 - FIXED-LENGTH DATA ELEMENTS--GENERAL INFORMATION | |
| fixed length control field | 080826e20080807xxkado f s 000 0 eng d |
| 035 ## - SYSTEM CONTROL NUMBER | |
| System control number | (Sirsi) u144954 |
| 041 0# - LANGUAGE CODE | |
| Language code of text/sound track or separate title | eng |
| 245 00 - TITLE STATEMENT | |
| Title | Major project report |
| Remainder of title | building the UK Games |
| 260 ## - PUBLICATION, DISTRIBUTION, ETC. | |
| Date of publication, distribution, etc. | 2008 |
| 490 ## - SERIES STATEMENT | |
| Series statement | New Civil Engineer Supplement |
| Volume/sequential designation | 7 August 2008 |
| 505 ## - FORMATTED CONTENTS NOTE | |
| Formatted contents note | We will finish this on time -- Clean up -- Olympic stadium -- Buying ability -- Skills planning -- Safe site -- The venues -- Water sports -- On the move -- Partnered up -- Media home -- Ins and outs -- Getting there -- Company cast list |
| 520 ## - SUMMARY, ETC. | |
| Summary, etc. | Gives an overall and detailed presentation of the Olympics construction projects designed to prepare and welcome the 2012 Olympic Games in London. Shows that the challenges of the building site are met with innovative solutions. Declares that the start of the building construction will allow more companies to have a contract. Reveals that the Olympic site in East London became National Skills Academy for Construction, giving more opportunities for training. Discusses the Olympic venues in London and in the rest of the UK. |
| 590 ## - LOCAL NOTE (RLIN) | |
| Local note | KA |
| 650 24 - SUBJECT ADDED ENTRY--TOPICAL TERM | |
| Topical term or geographic name entry element | OLYMPIC GAMES 2012 |
| 651 #4 - SUBJECT ADDED ENTRY--GEOGRAPHIC NAME | |
| Geographic name | United Kingdom |
| Chronological subdivision | |
| 690 ## - LOCAL SUBJECT ADDED ENTRY--TOPICAL TERM (OCLC, RLIN) | |
| Topical term or geographic name as entry element | BUILDING AND CONSTRUCTION-PROJECTS |
| 690 ## - LOCAL SUBJECT ADDED ENTRY--TOPICAL TERM (OCLC, RLIN) | |
| Topical term or geographic name as entry element | Construction management |
| 9 (RLIN) | 6230 |
| 942 ## - ADDED ENTRY ELEMENTS (KOHA) | |
| Suppress in OPAC | 0 |
| Withdrawn status | Lost status | Source of classification or shelving scheme | Damaged status | Not for loan | Home library | Current library | Shelving location | Date acquired | Total Checkouts | Full call number | Barcode | Date last seen | Copy number | Price effective from | Koha item type |
|---|---|---|---|---|---|---|---|---|---|---|---|---|---|---|---|
| Dewey Decimal Classification | London | London | Journal article | 26/08/2008 | L144954 | 30071256 | 06/08/2019 | 1 | 06/08/2019 | Journal article |